Szczegóły MARC21

Podstawy rachunkowości : zbiór ćwiczeń i przykładów : praca zbiorowa /

003 -Nazwa inst., której nr kontr. jest w polu 001 [,]
    • @
    • Nazwa instytucji, której n kontrolny jest w polu 001
    • NUKAT
005 -DATA I CZAS OSTATNIEJ MODYFIKACJI [,]
    • @
    • pole kontrolne
    • 20241231092719.0
040 -Instytucja sporządzająca opis [ , ]
    • a
    • Instytucja, która sporządziła opis (NP)
    • Ł U/eg
    • b
    • Język katalogowania
    • pol
    • e
    • Zasady katalogowania
    • rda
    • c
    • Instytucja, która sporządziła rekord (NP)
    • Ł U/eg
    • d
    • Instytucja, która zmodyfikowała rekord (P)
    • Ł U/eg
942 -Rodzaj dokumentu [ , ]
    • c
    • Rodzaj dokumentu
    • Książka
245 -Strefa tytułu i oznaczenia odpowiedzialności [0,0]
    • a
    • Tytuł
    • Podstawy rachunkowości : Find
    • b
    • Ciąg dalszy tytułu (NP)
    • zbiór ćwiczeń i przykładów : praca zbiorowa / Find
    • c
    • Pozostałe elementy strefy tytułu i oznaczenia odpowiedzialności (NP)
    • pod redakcją K. Sawickiego ; poszczególne rozdziały opracowali Ksenia Czubakowska, Zenon Głodek, Maria Hass-Symotiuk, Michał Jączek, Teresa Kiziukiewicz, Kazimierz Sawicki, Kazimiera Winiarska ; Uniwersytet Szczeciński.
250 -Strefa wydania [ , ]
    • a
    • Oznaczenie wydania (NP)
    • Wydanie I.
260 -Strefa adresu wydawniczego [ , ]
    • a
    • Miejsce wydania (P)
    • Szczecin :
    • b
    • Nazwa wydawcy (P)
    • Wydawnictwa Naukowe Uniwersytetu Szczecińskiego,
    • c
    • Data wydania (P)
    • 1986.
300 -Strefa opisu fizycznego [ , ]
    • a
    • Określenie formy książki i/lub objętość (NP)
    • 310 stron :
    • b
    • Oznaczenie ilustracji (NP)
    • ilustracje ;
    • c
    • Format (NP)
    • 24 cm.
336 -Typ zawartości [ , ]
    • a
    • Termin opisujący typ zawartości
    • Tekst
    • b
    • Kod określający zawartość
    • txt
    • 2
    • Źródło (terminu i kodu)
    • rdacontent
337 -Typ mediów [ , ]
    • a
    • Tryb odtwarzania
    • Bez urządzenia pośredniczącego
    • b
    • Kod typu mediów
    • n
    • 2
    • Źródło (terminu i kodu)
    • rdamedia
338 -Typ/rodzaj nośnika [ , ]
    • a
    • Hasło opisujące typ nośnika
    • Wolumin
    • b
    • Kod typu nośnika
    • nc
    • 2
    • Źródło (terminu i kodu)
    • rdacarrier
080 -Uniwersalna Klasyfikacja Dziesiętna [ , ]
    • 2
    • Identyfikator wydania tablic
    • UDC-P058
    • 9
    • UKD
    • 5580
    • a
    • Symbol klasyfikacji
    • 657
    • b
    • Dopowiedzenie
    • Rachunkowość. Księgowość.
    • 4
    • UKD2
    • 7665
    • x
    • Poddział wspólny
    • (075.8)
    • c
    • Dopowiedzenie poddz. wspólnego
    • (Podręczniki dla szkół wyższych. Skrypty).
980 -Symbol UKD [ , ]
    • a
    • UKD
    • 657(075.8)
700 -Hasło dodatkowe - nazwa osobowa [1, ]
    • a
    • Nazwa osobowa (NP)
    • Czubakowska, Ksenia Find
    • d
    • Daty biograficzne (NP)
    • (1946-2022).
    • e
    • Określenie rodzaju współpracy
    • Autor
    • 9
    • KHW
    • 1264
700 -Hasło dodatkowe - nazwa osobowa [1, ]
    • a
    • Nazwa osobowa (NP)
    • Głodek, Zenon Find
    • c
    • Dopowiedzenie inne niż daty biograficzne (NP)
    • (ekonomia).
    • e
    • Określenie rodzaju współpracy
    • Autor
    • 9
    • KHW
    • 67103
700 -Hasło dodatkowe - nazwa osobowa [1, ]
    • a
    • Nazwa osobowa (NP)
    • Hass-Symotiuk, Maria Find
    • d
    • Daty biograficzne (NP)
    • (1941- ).
    • e
    • Określenie rodzaju współpracy
    • Autor
    • 9
    • KHW
    • 18764
700 -Hasło dodatkowe - nazwa osobowa [1, ]
    • a
    • Nazwa osobowa (NP)
    • Jączek, Michał. Find
    • e
    • Określenie rodzaju współpracy
    • Autor
    • 9
    • KHW
    • 483313
700 -Hasło dodatkowe - nazwa osobowa [1, ]
    • a
    • Nazwa osobowa (NP)
    • Kiziukiewicz, Teresa Find
    • d
    • Daty biograficzne (NP)
    • (1947- ).
    • e
    • Określenie rodzaju współpracy
    • Autor
    • 9
    • KHW
    • 44060
700 -Hasło dodatkowe - nazwa osobowa [1, ]
    • a
    • Nazwa osobowa (NP)
    • Winiarska, Kazimiera Find
    • d
    • Daty biograficzne (NP)
    • (1948- ).
    • e
    • Określenie rodzaju współpracy
    • Autor
    • 9
    • KHW
    • 71
700 -Hasło dodatkowe - nazwa osobowa [1, ]
    • a
    • Nazwa osobowa (NP)
    • Sawicki, Kazimierz Find
    • d
    • Daty biograficzne (NP)
    • (1926-2021).
    • e
    • Określenie rodzaju współpracy
    • Redakcja
    • e
    • Określenie rodzaju współpracy
    • Autor
    • 9
    • KHW
    • 42358
710 -Hasło dodatkowe - nazwa ciała zbiorowego [2, ]
    • a
    • Nazwa ciała zbiorowego lub nazwa geograficzna jako pierwszy element (NP)
    • Uniwersytet Szczeciński.
    • e
    • Rodzaj współpracy
    • Instytucja sprawcza
    • 9
    • KHW
    • 9119
710 -Hasło dodatkowe - nazwa ciała zbiorowego [2, ]
    • a
    • Nazwa ciała zbiorowego lub nazwa geograficzna jako pierwszy element (NP)
    • Uniwersytet Szczeciński.
    • b
    • Nazwa jednostki podrzędnej (P)
    • Wydawnictwo Naukowe.
    • e
    • Rodzaj współpracy
    • Wydawca
    • 4
    • Kod relacji
    • pbl
    • 9
    • KHW
    • 51208
Status udost. Uwagi nie widoczne w OPAC Numer inwentarzowy Lokalizacja Data inwentaryzacji
1retrokonwersjaE.55824BE 
2retrokonwersjaS.72087BE 
2retrokonwersjaS.72088BE
2retrokonwersjaS.72089BE 
2retrokonwersjaS.72090BE 
2retrokonwersjaS.72092BE 
2retrokonwersjaS.68897BE 
2retrokonwersjaS.68826BE 
2retrokonwersjaS.68792BE 
-3retrokonwersjaS.73757BE 
2retrokonwersjaS.73758BE 
2retrokonwersjaS.73759BE 
2retrokonwersjaS.73760BE 
2retrokonwersjaS.73761BE 
2retrokonwersjaS.73762BE 
2retrokonwersjaS.57655BE 
2retrokonwersjaS.57656BE 
2retrokonwersjaS.57657BE 
2retrokonwersjaS.57658BE 
2retrokonwersjaS.57659BE 
2retrokonwersjaS.57660BE 
2retrokonwersjaS.57661BE 
2retrokonwersjaS.57662BE 
2retrokonwersjaS.57663BE 
2retrokonwersjaS.57664BE 
2retrokonwersjaS.57665BE 
2retrokonwersjaS.57666BE 
2retrokonwersjaS.57667BE 
2retrokonwersjaS.57668BE 
2retrokonwersjaS.57669BE 
2retrokonwersjaS.57670BE 
2retrokonwersjaS.57671BE 
2retrokonwersjaS.57672BE 
2retrokonwersjaS.57673BE 
2retrokonwersjaS.57674BE 
2retrokonwersjaS.57675BE 
2retrokonwersjaS.57676BE 
2retrokonwersjaS.57677BE 
2retrokonwersjaS.57678BE 
2retrokonwersjaS.57679BE 
2retrokonwersjaS.57680BE 
2retrokonwersjaS.57681BE 
2retrokonwersjaS.57682BE 
2retrokonwersjaS.57683BE 
2retrokonwersjaS.57684BE 
2retrokonwersjaS.57685BE 
2retrokonwersjaS.57686BE 
2retrokonwersjaS.57687BE 
2retrokonwersjaS.57688BE 
2retrokonwersjaS.57689BE 
2retrokonwersjaS.57690BE 
2retrokonwersjaS.57691BE 
2retrokonwersjaS.57692BE 
2retrokonwersjaS.57693BE 
2retrokonwersjaS.57694BE 
2retrokonwersjaS.57695BE 
2retrokonwersjaS.57696BE 
2retrokonwersjaS.57697BE 
2retrokonwersjaS.57698BE 
2retrokonwersjaS.57699BE 
2retrokonwersjaS.57700BE 
2retrokonwersjaS.57701BE 
2retrokonwersjaS.57702BE2010-06-08
-3retrokonwersjaW.184356BG 
-3retrokonwersjaTS.72091T